| 000 | 00550nam a2200193 a 4500 | ||
|---|---|---|---|
| 005 | 20210223131015.0 | ||
| 008 | 090603s2003 es r 000 0 spa d | ||
| 020 | _a8421829556 | ||
| 035 | _aUPN01000170925 | ||
| 049 | _aCG | ||
| 050 | 4 |
_aPQ6701 L9.2 _bL8.9 |
|
| 100 | 1 | _aAlvarez, Miguel | |
| 245 | 1 | 3 |
_aLa luz en los dedos : _bLuis Braille / _cMiguel Alvarez. |
| 260 |
_aMadrid : _bMagisterio Casals, _c2003. |
||
| 300 |
_a116 p. : _bil. |
||
| 440 | 0 | _aBiografĂa joven | |
| 600 | 1 | 4 |
_aBRAILLE, LOUIS, _d1809-1852 - _vNOVELA _913050 |
| 905 | _aLibro | ||
| 999 |
_c143030 _d143030 |
||